| 000 | 01151nam a2200325 i 4500 | ||
|---|---|---|---|
| 001 | bg | ||
| 003 | BPK | ||
| 005 | 20221025105735.0 | ||
| 008 | 051019s2005 pl a f |000 0 pol | ||
| 015 | _aPB 2005/18039 | ||
| 020 | _a8302076090 | ||
| 040 |
_aWA N _cBPK |
||
| 080 | _a696 | ||
| 080 | _a628.6 | ||
| 080 | _a(075.3.053.7) | ||
| 100 | 1 |
_aKrygier, Krystyna _eAutor |
|
| 245 | 1 | 0 |
_aInstalacje sanitarne : _bpodręcznik dla szkoły zasadniczej i technikum. _nCz. 2 / _cKrystyna Krygier, Stefan Cieślowski. |
| 250 | _aWyd. 3. | ||
| 260 |
_aWarszawa : _bWydawnictwa Szkolne i Pedagogiczne, _c2005. |
||
| 300 |
_a287, [1] s. : _bfot., rys., wykr. ; _c21 cm. |
||
| 490 | 1 | _aTechnologia. | |
| 504 | _aBibliogr. s. 287-[288]. | ||
| 655 | 4 | _aPodręczniki dla szkół zawodowych | |
| 650 | 4 | _aInstalacje sanitarne | |
| 710 | 2 |
_aWydawnictwa Szkolne i Pedagogiczne. _4pbl. |
|
| 700 | 1 |
_aCieślowski, Stefan _eAutor |
|
| 830 | 0 | _aTechnologia - Wydawnictwa Szkolne i Pedagogiczne. | |
| 942 |
_2UKD _cKS |
||
| 856 |
_uhttp://koha.tu.koszalin.pl/cgi-bin/koha/opac-detail.pl?biblionumber=51964 _yKatalog online BPK |
||
| 999 |
_c51964 _d51964 |
||